000 00869nam a22003017a 4500
003 CHAP
005 20220329135319.0
008 971013s1970 r 00010 d
010 _a34233
011 _a35205
035 _a39321
040 _cCHAP
082 _a511.22
_bL33 1970
100 0 0 _aLukacs, Eugene.
_968985
245 _aCharacteristics functions
250 _a2 ed.
260 _aLondon :
_bGriffin,
_c1970
300 _a350 p.
590 _aBATCH-UPD
_b10
_c20130110
_lUCH01
_h1839
590 _aBATCH-UPD
_b10
_c20130410
_lUCH01
_h1210
590 _aBATCH-UPD
_b10
_c20130914
_lUCH01
_h1450
590 _aCONVERSION
_b10
_c20130109
_lUCH01
_h1319
650 1 4 _aFunciones.
_943959
650 1 4 _aLógica simbólica y matemática.
_967614
901 _aBK
942 _cLIBRO
949 _a511.22 L33 1970
_bBC
_cLIBRO
_d-89681
_eLIBRO
_h35579
_i39321
_si
_t247.00
999 _c34233
_d34233